Score 0/15 Timer 05:00
0 Plays Today
Words That Rhyme With These Words Word % Correct
Purpleurinal
67.6%
Silverliver
67.6%
Silvershiver
67.1%
Silverdeliver
63%
Monthdunce
59%
Orangeporridge
55.5%
Orangelozenge
53.2%
Purplecircle
37.6%
Words That Rhyme With These Words Word % Correct
Monthrunt
33.5%
Monthhunt
32.4%
Orangedoor-hinge
23.1%
Purplewhirlpool
21.4%
Orangeforage
17.9%
Silverfiller
16.8%
Purplehurtful
10.4%
Come Together.
Have Fun.
All Virtual.
We all need to come together. Play Sporcle's virtual live trivia to have fun, connect with people, and get your trivia on. Join a live hosted trivia game for your favorite pub trivia experience done virtually. If a virtual private party is more your thing, go here for details.

You're not logged in!

Compare scores with friends on all Sporcle quizzes.
OR
Log In

Sporcle TV

Today on Sporcle TV


Watch our educational content, quiz creation guides, and fun videos on Sporcle TV.

Show Comments

Extras

Created Sep 30, 2009SourceReportNominate
Tags:kinda, rhyme

Top Quizzes Today


Score Distribution

Paid Content

Your Account Isn't Verified!

In order to create a playlist on Sporcle, you need to verify the email address you used during registration. Go to your Sporcle Settings to finish the process.

Report this User

Report this user for behavior that violates our Community Guidelines.

Details: